| 000 | 00370 a2200121 4500 | ||
|---|---|---|---|
| 003 | Nust | ||
| 005 | 20170207154252.0 | ||
| 040 | _cNust | ||
| 245 |
_aSports Cadets (Photo Album Volum No.2, 1997-1998-1999) _cMCS |
||
| 260 |
_aRawalpindi _bMCS _c12-10-1998 |
||
| 650 | _aPictures of Sports Cadets (Photo Album Volum No.2, 1997-1998-1999) (Soft Copy) CD-02 | ||
| 651 | _aSweer Memories-MCS | ||
| 942 | _cBK | ||
| 999 |
_c196294 _d196294 |
||